000 00439nam a2200181Ia 4500
008 230524s9999 xx 000 0 und d
020 _a9788131529478
082 _bPYT
100 _aAndrew Pytel
_942815
245 0 _aMechanics of Materials
250 _a2
260 _aNew Delhi
_bCengage
_c2015
300 _a"XII,533p;"
500 _aQuantity Number: 1
650 _aMechanics
700 _aJeen Kiusalaas
_942816
942 _cBK
999 _c57789
_d57789